Structural analysis
This text book is great for describing both the introductory and advanced methods of structural analysis, i.e. statically determinate/indeterminate structures and matrix methods. ASCE-7 is referenced quite frequently in the beginning chapters of the text. Colorful diagrams are present throughout the...
Сохранить в:
| Главный автор: | |
|---|---|
| Формат: | |
| Язык: | Undetermined |
| Опубликовано: |
Singapore
Prentice Hall
2005
|
| Предметы: | |
| Метки: |
Добавить метку
Нет меток, Требуется 1-ая метка записи!
|
| Thư viện lưu trữ: | Trung tâm Học liệu Trường Đại học Cần Thơ |
|---|
| LEADER | 01059nam a2200205Ia 4500 | ||
|---|---|---|---|
| 001 | CTU_100484 | ||
| 008 | 210402s9999 xx 000 0 und d | ||
| 020 | |c 324000 | ||
| 082 | |a 624.171 | ||
| 082 | |b H624 | ||
| 100 | |a Hibbeler, R. C. | ||
| 245 | 0 | |a Structural analysis | |
| 245 | 0 | |c R. C. Hibbeler | |
| 260 | |a Singapore | ||
| 260 | |b Prentice Hall | ||
| 260 | |c 2005 | ||
| 520 | |a This text book is great for describing both the introductory and advanced methods of structural analysis, i.e. statically determinate/indeterminate structures and matrix methods. ASCE-7 is referenced quite frequently in the beginning chapters of the text. Colorful diagrams are present throughout the text to give the reader a better understanding of the material. The only negative aspect of this text book is that it does not describe two-way floor loading very well. Recommendations: anyone who has an interest in structural engineering | ||
| 650 | |a Structural analysis ( engineering ) | ||
| 904 | |i Giang | ||
| 980 | |a Trung tâm Học liệu Trường Đại học Cần Thơ | ||